000 01425cam a2200145 4500500
005 20251214004157.0
041 _afre
042 _adc
100 1 0 _aGantet, Claire
_eauthor
700 1 0 _aLebeau, Christine
_eauthor
245 0 0 _aLe Saint-Empire : 1500-1800
260 _bArmand Colin,
_c2024.
520 _aQu’est-ce que le Saint-Empire ? Mosaïque de principautés allant des Flandres au royaume de Hongrie et de la Baltique à la Méditerranée, le Saint-Empire déroute par maints aspects. Il ne s’oriente pas vers une monopolisation croissante du pouvoir dans les mains d’un unique prince mais reste jusqu’au moins la fin du XVIIe siècle fondé sur un principe féodal. Il n’est pas non plus un État territorial délimité par des frontières nettes et demeure dépourvu de capitale. Il ne possède ni exécutif commun, ni armée unifiée face à l’ennemi extérieur. Mais la fragmentation, y compris du paysage universitaire et académique, démultiplie aussi la discussion intellectuelle et les possibilités d’échanges interterritoriaux.Le Saint-Empire est ainsi non seulement une couronne et un espace de communication et de savoirs, mais encore un espace de paix et de conflits négociés qui n’a plus sa place dans l’Europe des nations redéfinie par le Congrès de Vienne.
856 4 1 _uhttps://shs.cairn.info/le-saint-empire--9782200638573?lang=fr&redirect-ssocas=7080
999 _c1568288
_d1568288